Đường dây 110kV Cần Thơ - Châu Thành tỉnh Hậu Giang : Kế hoạch quản lý môi trường

Gorde:
Xehetasun bibliografikoak
Erakunde egilea: The World Bank
Formatua: Liburua
Hizkuntza:Undetermined
Argitaratua: Washington, D.C. The World Bank 2004
Gaiak:
Etiketak: Etiketa erantsi
Etiketarik gabe, Izan zaitez lehena erregistro honi etiketa jartzen!
Thư viện lưu trữ: Trung tâm Học liệu Trường Đại học Cần Thơ
LEADER 00681nam a2200205Ia 4500
001 CTU_98284
008 210402s9999 xx 000 0 und d
082 |a 363.6 
082 |b W927 
110 |a The World Bank 
245 0 |a Đường dây 110kV Cần Thơ - Châu Thành tỉnh Hậu Giang : 
245 0 |b Kế hoạch quản lý môi trường 
245 4 |c The World Bank 
260 |a Washington, D.C. 
260 |b The World Bank 
260 |c 2004 
650 |a The World Bank,Economic development projects 
650 |x Economic assistance,Developing countries,Evaluation 
904 |i Minh 
980 |a Trung tâm Học liệu Trường Đại học Cần Thơ